Champions NBA depuis 1950 - Statistiques

Statistiques générales
  • Ce quiz a été pris 2 764 fois
    1 736 depuis la dernière actualisation
  • Le résultat moyen est 67 sur 74
Statistiques - réponses
Hint Réponse % Correct
1950 Minneapolis Lakers
99%
1952 Minneapolis Lakers
99%
1953 Minneapolis Lakers
99%
1954 Minneapolis Lakers
99%
1957 Boston Celtics
98%
1959 Boston Celtics
98%
1960 Boston Celtics
98%
1961 Boston Celtics
98%
1962 Boston Celtics
98%
1963 Boston Celtics
98%
1964 Boston Celtics
98%
1965 Boston Celtics
98%
1966 Boston Celtics
98%
1968 Boston Celtics
98%
1969 Boston Celtics
98%
1974 Boston Celtics
98%
1976 Boston Celtics
98%
1981 Boston Celtics
98%
1984 Boston Celtics
98%
1986 Boston Celtics
98%
2008 Boston Celtics
98%
1972 Los Angeles Lakers
98%
1980 Los Angeles Lakers
98%
1982 Los Angeles Lakers
98%
1985 Los Angeles Lakers
98%
1987 Los Angeles Lakers
98%
1988 Los Angeles Lakers
98%
2000 Los Angeles Lakers
98%
2001 Los Angeles Lakers
98%
2002 Los Angeles Lakers
98%
2009 Los Angeles Lakers
98%
2010 Los Angeles Lakers
98%
2020 Los Angeles Lakers
98%
1991 Chicago Bulls
97%
1992 Chicago Bulls
97%
1993 Chicago Bulls
97%
1996 Chicago Bulls
97%
1997 Chicago Bulls
97%
1998 Chicago Bulls
97%
1975 Golden State Warriors
97%
2015 Golden State Warriors
97%
2017 Golden State Warriors
97%
2018 Golden State Warriors
97%
2022 Golden State Warriors
96%
2023 Denver Nuggets
95%
1999 San Antonio Spurs
95%
2003 San Antonio Spurs
95%
2005 San Antonio Spurs
95%
2007 San Antonio Spurs
95%
2014 San Antonio Spurs
95%
2006 Miami Heat
94%
2012 Miami Heat
94%
2013 Miami Heat
94%
1971 Milwaukee Bucks
94%
2021 Milwaukee Bucks
94%
2016 Cleveland Cavaliers
93%
2019 Toronto Raptors
92%
2011 Dallas Mavericks
89%
1956 Philadelphia Warriors
89%
1989 Detroit Pistons
87%
1990 Detroit Pistons
87%
2004 Detroit Pistons
87%
1994 Houston Rockets
85%
1995 Houston Rockets
85%
1970 New York Knicks
77%
1973 New York Knicks
77%
1967 Philadelphia 76ers
77%
1983 Philadelphia 76ers
77%
1979 Seattle SuperSonics
66%
1977 Portland Trail Blazers
61%
1958 Saint-Louis Hawks
60%
1978 Washington Bullets
59%
1951 Rochester Royals
28%
1955 Syracuse Nationals
12%
Aucun quiz correspondant
Distribution des résultats
% des personnes avec chaque résultat
Percentile par nombre de réponses
Votre historique - résultats
Vous n’avez pas pris ce quiz depuis la dernière actualisation